ON REGULAR DUO PO-G-SEMIGROUPS

Bibliographic Details
Main Author: Kehayopulu, Niovi (Author)
Format: Article
Language:English

MARC

LEADER 00000nab a2200000uu 4500
001 vtls011450067
003 SK-MaSNL
005 20260303151421.0
008 230222|2011 xo |||||||||||||||||eng|
015 |a SNBRB 
035 |a (urnnbn)urn:nbn:sk:snk:ar-006f5h 
035 |a (uuid)d84f0806-c360-479c-817d-412c2b39fab0 
035 |a urn:nbn:sk:snk-abcmca 
040 |a SNKBUCL  |b slo  |c SNKBUCL  |e AACR2 
041 0 |a eng 
044 |a xo  |c SK 
100 1 |a Kehayopulu, Niovi  |4 aut  |9 1170962 
245 1 0 |a ON REGULAR DUO PO-G-SEMIGROUPS  |c Niovi Kehayopulu 
773 0 |t Mathematica Slovaca  |g Roč. 61, č. 6 (2011), s. [871]-884 
958 |a OND 
958 |a EUIPO 
958 |a article16 
999 |c 2017567  |d 2019497